Normal view MARC view
  • पवार आ

Entry Personal Name

Number of records used in: 1

001 - CONTROL NUMBER

  • control field: 216716

003 - CONTROL NUMBER IDENTIFIER

  • control field: OSt

005 - DATE AND TIME OF LATEST TRANSACTION

  • control field: 20260211140729.0

008 - FIXED-LENGTH DATA ELEMENTS

  • fixed length control field: 260211|| aca||aabn | a|a d

040 ## - CATALOGING SOURCE

  • Original cataloging agency: OSt
  • Transcribing agency: OSt

100 ## - HEADING--PERSONAL NAME

  • Personal name: पवार आ

670 ## - SOURCE DATA FOUND

  • Source citation: Work cat.: (OSt)370212: पवार आ , संस्कृत - परिचय, 2013